Στρατηγικές ανάπτυξης σε λιγότερο ευνοημένες περιοχές
Αποθηκεύτηκε σε:
| Άλλοι συγγραφείς: | , , |
|---|---|
| Μορφή: | Βιβλίο |
| Γλώσσα: | Greek |
| Δημοσίευση: |
Αθήνα :
Gutenberg,
2004.
|
| Σειρά: | Βιβλιοθήκη κοινωνικής επιστήμης και κοινωνικής πολιτικής ;
101. |
| Θέματα: | |
| Ετικέτες: |
Προσθήκη ετικέτας
Δεν υπάρχουν, Καταχωρήστε ετικέτα πρώτοι!
|
MARC
| LEADER | 00000cam a2200000 i 4500 | ||
|---|---|---|---|
| 001 | 1/76098 | ||
| 008 | 050511s2004 gr | ||| |||| ||gre|| | ||
| 020 | |a 960011031X | ||
| 035 | |l 10077886 | ||
| 040 | |a GR-MY-UA |b gre |e aacr | ||
| 041 | 0 | |a gre | |
| 082 | 0 | |a 338.9495 |2 (21) | |
| 245 | 1 | 0 | |a Στρατηγικές ανάπτυξης σε λιγότερο ευνοημένες περιοχές / |c επιμέλεια: Ιωάννης Σπιλάνης, Θεόδωρος Ιωσιφίδης και Αθανάσιος Κίζος. |
| 260 | |a Αθήνα : |b Gutenberg, |c 2004. | ||
| 300 | |a 333 σ. ; |c 24 εκ. | ||
| 490 | 1 | |a Βιβλιοθήκη κοινωνικής επιστήμης και κοινωνικής πολιτικής | |
| 504 | |a Περιέχει βιβλιογραφία. | ||
| 650 | 0 | 0 | |a Rural development |z Greece. |
| 650 | 0 | 0 | |a Sustainable development |z Greece. |
| 650 | 0 | 0 | |a Regional disparities |z Greece. |
| 650 | 0 | 0 | |a Regional economic disparities. |
| 700 | 1 | |a Ιωσηφίδης, Θεόδωρος. |4 edt | |
| 700 | 1 | |4 edt |a Κίζος, Αθανάσιος. | |
| 700 | 1 | |4 edt |a Σπιλάνης, Ιωάννης. | |
| 830 | 0 | |a Βιβλιοθήκη κοινωνικής επιστήμης και κοινωνικής πολιτικής ; |v 101. | |
| 852 | |a INST |b CHIOS |c EUDOXUS |e 20230131 |h 338.9495 ΣΤΡ |p 005200040544 |q 005200040544 |t EDX |y 0 | ||
| 852 | |a INST |b LEMNOS |c EUDOXUS |e 20210708 |h 338.9495 ΣΤΡ |p 005600003432 |q 005600003432 |t EDX |y 0 | ||
| 852 | |a INST |b LESVOS |e 20050511 |h 338.9495 ΣΤΡ |p 005100027743 |q 005100027743 |t BK |y 0 | ||
| 852 | |a INST |b LESVOS |e 20060302 |h 338.9495 ΣΤΡ |p 005100034667 |q 005100034667 |t BK |y 0 | ||
| 852 | |a INST |b LESVOS |e 20130305 |h 338.9495 ΣΤΡ |p 005100051825 |q 005100051825 |t BK |y 0 | ||
| 852 | |a INST |b LESVOS |e 20141010 |h 338.9495 ΣΤΡ |p 005100055850 |q 005100055850 |t BK |y 0 | ||
| 852 | |a INST |b LESVOS |c EUDOXUS |e 20130225 |h 338.9495 ΣΤΡ |p 005100051794 |q 005100051794 |t EDX |y 0 | ||
| 920 | |a Εύδοξος |b Επιστροφή |y Χίος |z 2023-01 | ||
| 901 | |a BIBL1-2005-2 | ||
| 901 | |a BIBL1-2006-1 | ||
| 901 | |a BIBL1-2013-1 | ||
| 901 | |a BIBL1-2014-3 | ||
| 909 | |a Λ |b 121726 | ||
| 909 | |a Λ |b 190934 | ||
| 909 | |a Λ |b 126034 | ||
| 909 | |a Λ |b 177979 | ||
| 909 | |a Λ |b 177997 | ||
| 920 | |a ΕΥΔΟΞΟΣ |b ΠΑΡΑΓΓΕΛΙΑ |y Λέσβος-ΤΓ |z 2013-01 | ||
| 920 | |a ΙΩΣΗΦΙΔΗΣ |b ΘΕΟΔΩΡΟΣ |y Λέσβος |z 2005-01 | ||
| 920 | |a Εύδοξος |b Παραγγελία |y Λήμνος-ΤΕΤΔ |z 2021-05 | ||
| 920 | |a ΦΟΙΤΗΤΗ |y Λέσβος |z 2014-10 | ||
| 970 | |a ΤΖΑΦΕΡΗ |b ΕΥΑΓΓΕΛΙΑ |z 2005/05/11 | ||